000 00332nam a22001337a 4500
008 190205b xxu||||| |||| 00| 0 eng d
020 _a9780781753784
041 _aeng
080 _26th
_a610.73
100 _a2
101 _aINF
245 _aApplying Nursing Process a tool for critical thinking
_cLeFevre,R.A
942 _2udc
_cBK
999 _c54044
_d54044